000 00618nam a2200253 a 4500
001 nice12345678
003 IN_TiNIC
005 20260116011631.0
008 050524s1976 lona grp 000 0 eng
020 _a
_c100
082 0 0 _a206
_bSLA
100 _aSlack, Kenneth
245 _aNairobi Narrative
260 _aLondon
_bScm Press
_c1976
300 _a90p
500 _aincludes index and biblioraphy
505 2 _aBibliography, Index
650 _aNairobi Conference 1975-Wcc
650 _aWorld Council of Churches
700 1 _aSlack, Kenneth
902 _bSRS
942 _cBK
999 _c3014
_d3014